| 000 | 00516nam a2200145Ia 4500 | ||
|---|---|---|---|
| 008 | 140724s9999 xx 000 0 und d | ||
| 050 |
_aHF 5549 _b.B257 2011 |
||
| 100 | _aBarles, Pamela Camille. | ||
| 245 | 3 |
_aAn analysis on the training development programs in Genpact Alabang / _cPamela Camille Barles. |
|
| 260 |
_aLas PiƱas, Philippines : _bSouthville International School and Colleges, _cc2011. |
||
| 300 |
_a52 p. : _bill. ; _c28 cm. |
||
| 521 | _aHuman Resource Management | ||
| 942 | _cTH | ||
| 999 |
_c229156 _d229156 |
||